[Event "Mindsports Blitz 4th"]
[Site "London"]
[Date "2024.07.23"]
[Round "3.5"]
[White "Patel, Zain"]
[Black "Vashisht-Pigem, Raman"]
[Result "0-1"]
[WhiteElo "2063"]
[BlackElo "1878"]
[PlyCount "112"]
[EventDate "2024.07.23"]
[EventType "swiss (blitz)"]
[EventRounds "14"]
[EventCountry "ENG"]
[SourceTitle "BritBase"]
[Source "John Saunders"]
[SourceDate "2024.08.27"]
[SourceVersion "1"]
[SourceVersionDate "2024.08.27"]
[SourceQuality "1"]

1. Nf3 Nf6 2. g3 g6 3. b3 Bg7 4. Bb2 O-O 5. Bg2 d6 6. d4 c5 7. O-O Nc6 8. c4 cxd4 9. Nxd4 Bd7 10. Nxc6 Bxc6 11. Bxc6 bxc6 12. Nd2 Qa5 13. Nf3 Qh5 14. Kg2 Rfd8 15. Qc2 Rac8 16. Rad1 d5 17. cxd5 cxd5 18. Qd3 Qg4 19. h3 Qe4 20. Bxf6 Bxf6 21. Qxe4 dxe4 22. Nd2 e3 23. Ne4 Rxd1 24. Nxf6+ exf6 25. Rxd1 Rc2 26. fxe3 Rxe2+ 27. Kf3 Rxa2 28. Rd7 Rb2 29. Rb7 a5 30. Rb5 Kg7 31. Ke4 f5+ 32. Kd4 Rd2+ 33. Kc3 Re2 34. Kd3 Rb2 35. Kc4 Rc2+ 36. Kd4 Rd2+ 37. Kc4 Rg2 38. Rxa5 Rxg3 39. Re5 Rxh3 40. b4 Rh1 41. b5 Rc1+ 42. Kd5 h5 43. b6 h4 44. b7 Rb1 45. Kc6 h3 46. Rb5 Rxb5 47. Kxb5 h2 48. b8=Q h1=Q 49. Qe5+ Kh7 50. Qe7 Qd5+ 51. Kb4 Qe4+ 52. Qxe4 fxe4 53. Kc4 Kh6 54. Kd4 f5 55. Ke5 Kg5 56. Ke6 f4 0-1

[Event "Mindsports Blitz 4th"]
[Site "London"]
[Date "2024.07.23"]
[Round "3.6"]
[White "Dias, Savin"]
[Black "Dignam, Matthew"]
[Result "1-0"]
[WhiteElo "1872"]
[BlackElo "2052"]
[PlyCount "73"]
[EventDate "2024.07.23"]
[EventType "swiss (blitz)"]
[EventRounds "14"]
[EventCountry "ENG"]
[SourceTitle "BritBase"]
[Source "John Saunders"]
[SourceDate "2024.08.27"]
[SourceVersion "1"]
[SourceVersionDate "2024.08.27"]
[SourceQuality "1"]

1. e4 d6 2. d4 Nf6 3. Nc3 c6 4. f4 Qa5 5. Bd3 e5 6. dxe5 dxe5 7. fxe5 Ng4 8. Nf3 Bc5 9. Qe2 Nd7 10. Bd2 Bf2+ 11. Kf1 Bc5 12. Nb5 Qb6 13. Nd6+ Bxd6 14. exd6 Qxb2 15. Rd1 O-O 16. g3 Nde5 17. Kg2 Nxf3 18. Qxf3 Ne5 19. Qf4 f6 20. h3 Be6 21. Rb1 Qxa2 22. Rxb7 Rf7 23. Rhb1 g5 24. Qf2 Raf8 25. R1b2 Qa4 26. Bc3 Nd7 27. Rxa7 Qxa7 28. Qxa7 Ne5 29. Qf2 g4 30. h4 Nf3 31. Qe3 f5 32. Qc5 f4 33. gxf4 Nxh4+ 34. Kg3 Ng6 35. f5 Bxf5 36. exf5 Rxf5 37. Bxf5 1-0

[Event "Mindsports Blitz 4th"]
[Site "London"]
[Date "2024.07.23"]
[Round "3.7"]
[White "Cancedda-Dupuis, Livio"]
[Black "Mozaffari, Mohammad Hossein"]
[Result "1-0"]
[WhiteElo "2000"]
[BlackElo "1872"]
[PlyCount "46"]
[EventDate "2024.07.23"]
[EventType "swiss (blitz)"]
[EventRounds "14"]
[EventCountry "ENG"]
[SourceTitle "BritBase"]
[Source "John Saunders"]
[SourceDate "2024.08.27"]
[SourceVersion "1"]
[SourceVersionDate "2024.08.27"]
[SourceQuality "1"]

1. e4 e5 2. Nf3 Nc6 3. Bb5 Nf6 4. d3 d6 5. h3 Be7 6. O-O Bd7 7. c3 O-O 8. Re1 Re8 9. d4 h6 10. Na3 Bf8 11. Qd3 g6 12. d5 Nb8 13. Bc4 a6 14. Bb3 Bg7 15. c4 Kh7 16. Be3 Nh5 17. c5 Qf6 18. cxd6 cxd6 19. Qd2 Bxh3 20. Ng5+ Kg8 21. Nxh3 Nd7 22. Bxh6 Nc5 23. Bg5 Qd8 1-0

[Event "Mindsports Blitz 4th"]
[Site "London"]
[Date "2024.07.23"]
[Round "3.8"]
[White "Oudet, Charlotte"]
[Black "Finn, Peter"]
[Result "0-1"]
[WhiteElo "1407"]
[BlackElo "1980"]
[PlyCount "46"]
[EventDate "2024.07.23"]
[EventType "swiss (blitz)"]
[EventRounds "14"]
[EventCountry "ENG"]
[SourceTitle "BritBase"]
[Source "John Saunders"]
[SourceDate "2024.08.27"]
[SourceVersion "1"]
[SourceVersionDate "2024.08.27"]
[SourceQuality "1"]

1. e4 c5 2. c3 Nf6 3. e5 Nd5 4. d4 cxd4 5. cxd4 d6 6. f4 Nc6 7. Nf3 Bg4 8. Bc4 e6 9. Bxd5 exd5 10. h3 Bxf3 11. Qxf3 Nxd4 12. Qd3 dxe5 13. fxe5 Bc5 14. b3 O-O 15. Bb2 Qh4+ 16. Kd1 Qh5+ 17. g4 Qxe5 18. Re1 Qf4 19. Nd2 Rfe8 20. Rc1 Rxe1+ 21. Kxe1 Re8+ 22. Kd1 Qf2 23. Nb1 Re1# 0-1

[Event "Mindsports Blitz 4th"]
[Site "London"]
[Date "2024.07.23"]
[Round "3.9"]
[White "Zadvorny, Roman"]
[Black "Badacsonyi, Stanley"]
[Result "0-1"]
[WhiteElo "1722"]
[BlackElo "2306"]
[PlyCount "72"]
[EventDate "2024.07.23"]
[EventType "swiss (blitz)"]
[EventRounds "14"]
[EventCountry "ENG"]
[SourceTitle "BritBase"]
[Source "John Saunders"]
[SourceDate "2024.08.27"]
[SourceVersion "1"]
[SourceVersionDate "2024.08.27"]
[SourceQuality "1"]

1. c4 Nf6 2. g3 g6 3. Bg2 Bg7 4. Nf3 d6 5. d4 O-O 6. Nc3 c5 7. d5 a6 8. a4 e6 9. e4 exd5 10. cxd5 Bg4 11. O-O Re8 12. Re1 Nbd7 13. Qc2 Bxf3 14. Bxf3 Rb8 15. Bf4 Ne5 16. Bxe5 Rxe5 17. Bg2 b5 18. axb5 axb5 19. Rad1 b4 20. Ne2 Re8 21. h3 Nd7 22. f4 b3 23. Qd2 Nb6 24. Nc3 h5 25. Bf1 h4 26. g4 Qf6 27. Re2 Qd4+ 28. Qxd4 Bxd4+ 29. Kg2 Bxc3 30. bxc3 Na4 31. Rb1 Nxc3 32. Reb2 Nxb1 33. Rxb1 Rxe4 34. Kf3 Rd4 35. Ke3 b2 36. Bd3 Rb3 0-1

[Event "Mindsports Blitz 4th"]
[Site "London"]
[Date "2024.07.23"]
[Round "3.10"]
[White "Clarke, Connor"]
[Black "Pein, Jonathan"]
[Result "1-0"]
[WhiteElo "2116"]
[BlackElo "2128"]
[PlyCount "100"]
[EventDate "2024.07.23"]
[EventType "swiss (blitz)"]
[EventRounds "14"]
[EventCountry "ENG"]
[SourceTitle "BritBase"]
[Source "John Saunders"]
[SourceDate "2024.08.27"]
[SourceVersion "1"]
[SourceVersionDate "2024.08.27"]
[SourceQuality "1"]

1. d4 g6 2. e4 Bg7 3. Nc3 d5 4. Be3 dxe4 5. Nxe4 Nd7 6. Bc4 Nb6 7. Bb3 Nf6 8. Nxf6+ Bxf6 9. Qf3 O-O 10. Ne2 a5 11. a3 a4 12. Ba2 c6 13. h4 h5 14. Nf4 Nd5 15. Bxd5 cxd5 16. Nxd5 Bg7 17. Nc3 Qb6 18. O-O Qxb2 19. Nd5 Bg4 20. Qe4 e6 21. Ne7+ Kh7 22. Rfb1 Qc3 23. Qxb7 Bxd4 24. Bxd4 Qxd4 25. Nc6 Qf6 26. Qd7 Qxh4 27. Ne5 Rad8 28. Qxa4 Qg5 29. Nxg4 hxg4 30. Rb4 g3 31. Rh4+ Kg7 32. Rf1 gxf2+ 33. Rxf2 Rd1+ 34. Kh2 Rfd8 35. Qf4 Qxf4+ 36. Rhxf4 Ra1 37. Rxf7+ Kh6 38. Ra7 Rdd1 39. Rff7 Rdc1 40. Rfc7 Ra2 41. Ra6 Rcxc2 42. Rxc2 Rxc2 43. Rxe6 Ra2 44. Ra6 Kg5 45. Kg3 Ra1 46. Ra5+ Kf6 47. Kg4 Ra2 48. g3 Ra1 49. Ra6+ Kf7 50. Kg5 Ra2 1-0

[Event "Mindsports Blitz 4th"]
[Site "London"]
[Date "2024.07.23"]
[Round "4.1"]
[White "Malinovskii, Ilia"]
[Black "Gasanov, Eldar"]
[Result "0-1"]
[WhiteElo "1978"]
[BlackElo "2474"]
[PlyCount "87"]
[EventDate "2024.07.23"]
[EventType "swiss (blitz)"]
[EventRounds "14"]
[EventCountry "ENG"]
[SourceTitle "BritBase"]
[Source "John Saunders"]
[SourceDate "2024.08.27"]
[SourceVersion "1"]
[SourceVersionDate "2024.08.27"]
[SourceQuality "1"]

1. d4 Nf6 2. Nc3 d5 3. Bf4 c5 4. e3 cxd4 5. exd4 a6 6. Nf3 Nc6 7. Ne5 Bd7 8. Nxc6 Bxc6 9. Bd3 e6 10. O-O Rc8 11. Ne2 Be7 12. c3 O-O 13. Ng3 b5 14. a4 bxa4 15. Bxa6 Ra8 16. Bd3 Qb6 17. Qe2 Rfe8 18. Rfe1 Ra7 19. Be5 Rb7 20. Rab1 Bb5 21. Bxb5 Qxb5 22. Qc2 Nd7 23. Bf4 Qc6 24. h3 Nb6 25. Ra1 Nc4 26. Reb1 Ra8 27. b3 Na3 28. Rxa3 Bxa3 29. b4 Rxb4 30. Ra1 Rb3 31. Bd2 Bd6 32. Nf1 Qb5 33. Ne3 Rb2 34. Qc1 Qb3 35. c4 dxc4 36. Nxc4 Rc2 37. Qd1 Qxc4 38. Be3 a3 39. Qf3 Qc6 40. Qd1 a2 41. g3 Rb2 42. Kh2 Qd5 43. Qc1 Rab8 44. Qc3 0-1

[Event "Mindsports Blitz 4th"]
[Site "London"]
[Date "2024.07.23"]
[Round "4.2"]
[White "Senlle Caride, Miguel"]
[Black "Pollack, Oscar"]
[Result "1-0"]
[WhiteElo "2339"]
[BlackElo "1958"]
[PlyCount "48"]
[EventDate "2024.07.23"]
[EventType "swiss (blitz)"]
[EventRounds "14"]
[EventCountry "ENG"]
[SourceTitle "BritBase"]
[Source "John Saunders"]
[SourceDate "2024.08.27"]
[SourceVersion "1"]
[SourceVersionDate "2024.08.27"]
[SourceQuality "1"]

1. d4 d5 2. Nc3 Nf6 3. Bg5 e6 4. Nf3 c5 5. e4 cxd4 6. Qxd4 Be7 7. exd5 exd5 8. O-O-O Nc6 9. Qh4 Be6 10. Bd3 h6 11. Rhe1 Qa5 12. Bxf6 Bxf6 13. Qh5 O-O-O 14. Bf5 Bxc3 15. bxc3 Qxc3 16. Rxe6 fxe6 17. Bxe6+ Kb8 18. Rd3 Qa1+ 19. Kd2 Rhe8 20. Bxd5 Nb4 21. Qg4 Nxd3 22. Qg3+ Ka8 23. Bxb7+ Kxb7 24. Qxg7+ Qxg7 1-0

[Event "Mindsports Blitz 4th"]
[Site "London"]
[Date "2024.07.23"]
[Round "4.3"]
[White "Johnson, Daniel"]
[Black "Konyakhin-Borrelly, Gregory Jacques"]
[Result "0-1"]
[WhiteElo "2271"]
[BlackElo "1929"]
[PlyCount "72"]
[EventDate "2024.07.23"]
[EventType "swiss (blitz)"]
[EventRounds "14"]
[EventCountry "ENG"]
[SourceTitle "BritBase"]
[Source "John Saunders"]
[SourceDate "2024.08.27"]
[SourceVersion "1"]
[SourceVersionDate "2024.08.27"]
[SourceQuality "1"]

1. d4 Nf6 2. c4 c6 3. Nf3 d5 4. Qb3 e6 5. g3 Bd6 6. Bg2 O-O 7. O-O Nbd7 8. Bg5 b6 9. Nbd2 Ba6 10. Rfe1 h6 11. Bxf6 Nxf6 12. Qa4 Bb7 13. cxd5 cxd5 14. Rad1 a6 15. Ne5 b5 16. Qb3 Qb6 17. Ndf3 Rfd8 18. e3 Ne4 19. Nd3 Rac8 20. Bf1 Kh8 21. Nfe5 Kg8 22. a4 b4 23. Nf4 Bxe5 24. dxe5 Nc5 25. Qa2 Nd7 26. Nd3 a5 27. Bg2 Ba6 28. f4 Rc2 29. Qb3 Rdc8 30. Nf2 R2c7 31. Qa2 Nc5 32. b3 Nd7 33. Rd2 Rc1 34. Rdd1 R1c3 35. Ng4 Nc5 36. Qe2 Bxe2 0-1

[Event "Mindsports Blitz 4th"]
[Site "London"]
[Date "2024.07.23"]
[Round "4.4"]
[White "Keohane, Ben"]
[Black "Andal, Edmond"]
[Result "1-0"]
[WhiteElo "1919"]
[BlackElo "2145"]
[PlyCount "95"]
[EventDate "2024.07.23"]
[EventType "swiss (blitz)"]
[EventRounds "14"]
[EventCountry "ENG"]
[SourceTitle "BritBase"]
[Source "John Saunders"]
[SourceDate "2024.08.27"]
[SourceVersion "1"]
[SourceVersionDate "2024.08.27"]
[SourceQuality "1"]

1. b3 b5 2. Bb2 Bb7 3. Nf3 e6 4. g3 f5 5. Bg2 Nf6 6. d3 Be7 7. Nbd2 O-O 8. O-O Qe8 9. c4 b4 10. Qc2 d6 11. a3 c5 12. axb4 cxb4 13. d4 a5 14. Ne1 Bxg2 15. Nxg2 Qc6 16. f3 Nbd7 17. Nf4 d5 18. Rac1 Rfc8 19. Qd3 Qa6 20. cxd5 Qxd3 21. Nxd3 exd5 22. Ne5 Bd6 23. Kg2 Nb6 24. Rc6 Rxc6 25. Nxc6 a4 26. bxa4 Rxa4 27. Ra1 Kf8 28. Nb3 Rxa1 29. Bxa1 Ke8 30. Nc5 Nc4 31. Nxb4 g6 32. Kf2 Nb6 33. Ncd3 Nfd7 34. Bc3 Nf6 35. Bd2 Nfd7 36. Bf4 Bxb4 37. Nxb4 Ke7 38. Nc6+ Ke6 39. Ke1 Nc4 40. Kd1 Ndb6 41. Kc2 Na3+ 42. Kb3 Nac4 43. Nb4 Nd7 44. Nd3 Nf6 45. Nc5+ Ke7 46. e4 fxe4 47. fxe4 dxe4 48. Kxc4 1-0

[Event "Mindsports Blitz 4th"]
[Site "London"]
[Date "2024.07.23"]
[Round "4.5"]
[White "Vashisht-Pigem, Raman"]
[Black "Patel, Zain"]
[Result "0-1"]
[WhiteElo "1878"]
[BlackElo "2063"]
[PlyCount "62"]
[EventDate "2024.07.23"]
[EventType "swiss (blitz)"]
[EventRounds "14"]
[EventCountry "ENG"]
[SourceTitle "BritBase"]
[Source "John Saunders"]
[SourceDate "2024.08.27"]
[SourceVersion "1"]
[SourceVersionDate "2024.08.27"]
[SourceQuality "1"]

1. e4 e5 2. Nf3 Nc6 3. Bc4 Nf6 4. d3 Bc5 5. Nbd2 O-O 6. h3 a6 7. c3 d6 8. Bb3 Be6 9. Bc2 Ne7 10. O-O Ng6 11. d4 exd4 12. cxd4 Ba7 13. Re1 Re8 14. Nf1 Qc8 15. Ng3 d5 16. e5 Nd7 17. Ng5 Ndf8 18. Qf3 Bxd4 19. Rd1 Bxe5 20. Be3 c5 21. Rab1 d4 22. Nxe6 dxe3 23. Nxf8 exf2+ 24. Qxf2 Rxf8 25. Nf5 Qe6 26. Bb3 Qf6 27. Ne3 Qxf2+ 28. Kxf2 Bd4 29. Kf3 Ne5+ 30. Ke4 Rfe8 31. Kf4 Ng6+ 0-1

[Event "Mindsports Blitz 4th"]
[Site "London"]
[Date "2024.07.23"]
[Round "4.7"]
[White "Mozaffari, Mohammad Hossein"]
[Black "Cancedda-Dupuis, Livio"]
[Result "0-1"]
[WhiteElo "1872"]
[BlackElo "2000"]
[PlyCount "141"]
[EventDate "2024.07.23"]
[EventType "swiss (blitz)"]
[EventRounds "14"]
[EventCountry "ENG"]
[SourceTitle "BritBase"]
[Source "John Saunders"]
[SourceDate "2024.08.27"]
[SourceVersion "1"]
[SourceVersionDate "2024.08.27"]
[SourceQuality "1"]

1. e4 c5 2. Nf3 a6 3. d4 cxd4 4. Nxd4 Nf6 5. Nc3 e5 6. Nb3 Bb4 7. Bd3 O-O 8. Bd2 Bxc3 9. Bxc3 d5 10. exd5 Nxd5 11. Bd2 Qf6 12. O-O Nf4 13. Bxf4 Qxf4 14. Re1 Nc6 15. c3 Rd8 16. Qe2 Rb8 17. Qe3 Qxe3 18. Rxe3 f6 19. Bc4+ Kf8 20. Rd3 Bf5 21. Rdd1 Rxd1+ 22. Rxd1 Bc2 23. Rd7 Rd8 24. Rxd8+ Nxd8 25. Nc5 Ke7 26. Kf1 Kd6 27. Nb3 b5 28. Be2 Bxb3 29. axb3 Kc5 30. Bd3 h6 31. Ke2 a5 32. Bf5 Nc6 33. Bd7 Ne7 34. Kd3 b4 35. Be6 Nc6 36. Bc4 Nd8 37. Bg8 Nb7 38. Bc4 Nd6 39. Be6 Ne8 40. Ke4 Kd6 41. Bf7 Nc7 42. Bc4 Na8 43. Kf5 Ke7 44. Kg6 Kf8 45. h4 Nb6 46. Be6 Na8 47. h5 Nc7 48. Bc4 Ne8 49. Bd3 Nd6 50. f3 Nc8 51. Kf5 Kf7 52. Bc4+ Ke7 53. Kg6 Kf8 54. Bd3 Ne7+ 55. Kh7 Nd5 56. c4 Nf4 57. Be4 Nxg2 58. Kg6 Nf4+ 59. Kf5 Ke7 60. Kg4 Kd6 61. Bh7 Ne6 62. Kf5 Ke7 63. Bg8 Nc5 64. Kg6 Kf8 65. Bd5 Nxb3 66. Kf5 Nc5 67. f4 exf4 68. Kxf4 Ke7 69. Bh1 Nd3+ 70. Ke4 Nf2+ 71. Kd4 0-1

[Event "Mindsports Blitz 4th"]
[Site "London"]
[Date "2024.07.23"]
[Round "4.8"]
[White "Finn, Peter"]
[Black "Oudet, Charlotte"]
[Result "1-0"]
[WhiteElo "1980"]
[BlackElo "1407"]
[PlyCount "55"]
[EventDate "2024.07.23"]
[EventType "swiss (blitz)"]
[EventRounds "14"]
[EventCountry "ENG"]
[SourceTitle "BritBase"]
[Source "John Saunders"]
[SourceDate "2024.08.27"]
[SourceVersion "1"]
[SourceVersionDate "2024.08.27"]
[SourceQuality "1"]

1. d4 d5 2. Nf3 Nf6 3. g3 Nc6 4. Bg2 Bg4 5. c4 e6 6. Qa4 Qd7 7. cxd5 exd5 8. Nc3 Bb4 9. O-O Bxc3 10. bxc3 O-O 11. Bg5 Qd6 12. Ne5 Nxe5 13. dxe5 Qxe5 14. Bxf6 Qxf6 15. Qxg4 Rfe8 16. Bxd5 c6 17. Bf3 Rad8 18. Rab1 Rb8 19. c4 c5 20. Rxb7 h6 21. Rfb1 Rxb7 22. Rxb7 Qa1+ 23. Kg2 Rd8 24. Bd5 Qf6 25. Rxf7 Qa1 26. Rxg7+ Kh8 27. Rg8+ Rxg8 28. Qxg8# 1-0

[Event "Mindsports Blitz 4th"]
[Site "London"]
[Date "2024.07.23"]
[Round "4.9"]
[White "Badacsonyi, Stanley"]
[Black "Zadvorny, Roman"]
[Result "1-0"]
[WhiteElo "2306"]
[BlackElo "1722"]
[PlyCount "71"]
[EventDate "2024.07.23"]
[EventType "swiss (blitz)"]
[EventRounds "14"]
[EventCountry "ENG"]
[SourceTitle "BritBase"]
[Source "John Saunders"]
[SourceDate "2024.08.27"]
[SourceVersion "1"]
[SourceVersionDate "2024.08.27"]
[SourceQuality "1"]

1. d4 d5 2. Nc3 Nf6 3. Bf4 a6 4. e3 b5 5. Nf3 e6 6. Bd3 Nbd7 7. a4 b4 8. Ne2 c5 9. c3 bxc3 10. bxc3 Be7 11. O-O O-O 12. Rb1 Ne4 13. Bxe4 dxe4 14. Ne5 Nxe5 15. Bxe5 Qa5 16. c4 f6 17. Bg3 Rd8 18. Qc2 cxd4 19. Nxd4 Qc5 20. Rfd1 e5 21. Nb3 Qc6 22. Na5 Qc5 23. Qxe4 Rxd1+ 24. Rxd1 Be6 25. Qxa8+ Kf7 26. Nc6 Bxc4 27. Nxe7 Qxe7 28. Qc6 Be6 29. h3 h5 30. f3 Qa3 31. Bf2 g5 32. Qxa6 Qb3 33. Rc1 g4 34. hxg4 hxg4 35. fxg4 Bxg4 36. Qc4+ 1-0

[Event "Mindsports Blitz 4th"]
[Site "London"]
[Date "2024.07.23"]
[Round "4.10"]
[White "Pein, Jonathan"]
[Black "Clarke, Connor"]
[Result "0-1"]
[WhiteElo "2128"]
[BlackElo "2116"]
[PlyCount "70"]
[EventDate "2024.07.23"]
[EventType "swiss (blitz)"]
[EventRounds "14"]
[EventCountry "ENG"]
[SourceTitle "BritBase"]
[Source "John Saunders"]
[SourceDate "2024.08.27"]
[SourceVersion "1"]
[SourceVersionDate "2024.08.27"]
[SourceQuality "1"]

1. b3 e5 2. Bb2 Nc6 3. e3 d5 4. Bb5 Nge7 5. Bxe5 a6 6. Bxc6+ Nxc6 7. Bb2 Qg5 8. Kf1 Bg4 9. f3 Bf5 10. Ne2 O-O-O 11. a3 h5 12. b4 Bd6 13. b5 axb5 14. Nbc3 d4 15. exd4 Qg6 16. d3 h4 17. h3 Rhe8 18. Nxb5 Bg3 19. Qd2 Re7 20. d5 Rxd5 21. Nbd4 Bd7 22. Nxg3 Qxg3 23. Nxc6 Bxc6 24. Re1 Rdd7 25. Qf2 Qg5 26. Bc3 Rxe1+ 27. Bxe1 Re7 28. Qxh4 Qe5 29. Qf2 Qa1 30. h4 Ba4 31. h5 Bxc2 32. g3 Bxd3+ 33. Kg2 Re2 34. h6 gxh6 35. Rxh6 Qxe1 0-1

[Event "Mindsports Blitz 4th"]
[Site "London"]
[Date "2024.07.23"]
[Round "5.1"]
[White "Finn, Peter"]
[Black "Gasanov, Eldar"]
[Result "0-1"]
[WhiteElo "1980"]
[BlackElo "2474"]
[PlyCount "92"]
[EventDate "2024.07.23"]
[EventType "swiss (blitz)"]
[EventRounds "14"]
[EventCountry "ENG"]
[SourceTitle "BritBase"]
[Source "John Saunders"]
[SourceDate "2024.08.27"]
[SourceVersion "1"]
[SourceVersionDate "2024.08.27"]
[SourceQuality "1"]

1. d4 d6 2. Nf3 Bg4 3. g3 Nd7 4. Bg2 e5 5. dxe5 dxe5 6. h3 Bh5 7. O-O c6 8. Nc3 Ngf6 9. a4 a5 10. Be3 Qc7 11. Qd2 Bb4 12. Qd3 O-O 13. Rfd1 Rfe8 14. Qc4 Rad8 15. Nh4 Nb6 16. Bxb6 Qxb6 17. g4 Bg6 18. Nxg6 hxg6 19. Rd3 Rd4 20. Qb3 Qc7 21. e3 Rxd3 22. cxd3 Rd8 23. Rd1 Be7 24. Qc4 Qb6 25. b3 Bb4 26. Ne2 Bc5 27. Nc3 Be7 28. Ne2 Nd5 29. d4 Nb4 30. Rc1 Bf6 31. dxe5 Bxe5 32. Qc5 Qxc5 33. Rxc5 Rd1+ 34. Bf1 Nd3 35. Rxa5 Rb1 36. Ra8+ Kh7 37. Kg2 Ne1+ 38. Kg1 Nf3+ 39. Kg2 Nd2 40. Ng3 Bxg3 41. Bd3 Rxb3 42. Bc2 Rb2 43. Bd3 Bh4 44. a5 Nb3 45. Rb8 Rxf2+ 46. Kg1 Nd2 0-1

[Event "Mindsports Blitz 4th"]
[Site "London"]
[Date "2024.07.23"]
[Round "5.2"]
[White "Senlle Caride, Miguel"]
[Black "Keohane, Ben"]
[Result "1-0"]
[WhiteElo "2339"]
[BlackElo "1919"]
[PlyCount "109"]
[EventDate "2024.07.23"]
[EventType "swiss (blitz)"]
[EventRounds "14"]
[EventCountry "ENG"]
[SourceTitle "BritBase"]
[Source "John Saunders"]
[SourceDate "2024.08.27"]
[SourceVersion "1"]
[SourceVersionDate "2024.08.27"]
[SourceQuality "1"]

1. e4 Nf6 2. e5 Nd5 3. Nc3 e6 4. Nxd5 exd5 5. d4 d6 6. Nf3 Be7 7. Bd3 Bg4 8. h3 Bh5 9. g4 Bg6 10. Bf4 Nc6 11. c3 dxe5 12. Nxe5 Nxe5 13. Bxe5 Bf6 14. Bxf6 Qxf6 15. Qe2+ Qe7 16. Qxe7+ Kxe7 17. Kd2 Kd7 18. Rae1 Rae8 19. f3 Rxe1 20. Rxe1 Re8 21. Rxe8 Kxe8 22. Be2 c6 23. Ke3 Bb1 24. a3 f6 25. c4 Ba2 26. c5 Bb1 27. b4 a6 28. a4 Bc2 29. b5 Bxa4 30. bxa6 bxa6 31. Bxa6 Kd7 32. Kf4 g6 33. h4 Ke6 34. Bc8+ Ke7 35. h5 Bc2 36. Bb7 Kd7 37. hxg6 hxg6 38. g5 fxg5+ 39. Kxg5 Bd3 40. Kf6 Kc7 41. Ba8 Bf5 42. f4 Kd7 43. Bb7 Kc7 44. Ba6 Be4 45. Be2 Bf5 46. Bf1 Kd7 47. Be2 Kc7 48. Kg5 Kd7 49. Kf6 Kc7 50. Ke7 Be4 51. Bg4 Bd3 52. Be6 Kb7 53. Kd6 Bb5 54. Bf7 Bd3 55. Be8 1-0

[Event "Mindsports Blitz 4th"]
[Site "London"]
[Date "2024.07.23"]
[Round "5.3"]
[White "Cancedda-Dupuis, Livio"]
[Black "Dias, Savin"]
[Result "1-0"]
[WhiteElo "2000"]
[BlackElo "1872"]
[PlyCount "74"]
[EventDate "2024.07.23"]
[EventType "swiss (blitz)"]
[EventRounds "14"]
[EventCountry "ENG"]
[SourceTitle "BritBase"]
[Source "John Saunders"]
[SourceDate "2024.08.27"]
[SourceVersion "1"]
[SourceVersionDate "2024.08.27"]
[SourceQuality "1"]

1. e4 c5 2. Nf3 Nc6 3. d4 cxd4 4. Nxd4 g6 5. Be3 Nf6 6. Nc3 Bg7 7. Nxc6 bxc6 8. Bc4 d6 9. e5 dxe5 10. Qxd8+ Kxd8 11. Bxf7 e6 12. Bc5 Rb8 13. O-O-O+ Nd5 14. Ne4 Bf8 15. c4 Bxc5 16. Nxc5 Ke7 17. cxd5 cxd5 18. Nd3 e4 19. Ne5 Kf6 20. f4 exf3 21. Rde1 Ba6 22. gxf3 Rb4 23. Bxe6 Bb7 24. Kb1 Rf4 25. Bg4 d4 26. Nd3 Rxg4 27. fxg4 Bxh1 28. Rxh1 Kg5 29. h3 Rf8 30. b4 h5 31. gxh5 gxh5 32. a4 Rc8 33. Rc1 Rf8 34. Rc5+ Kh4 35. Rd5 Kxh3 36. Rxh5+ Kg4 37. Rd5 Kf3 1-0

[Event "Mindsports Blitz 4th"]
[Site "London"]
[Date "2024.07.23"]
[Round "5.4"]
[White "Badacsonyi, Stanley"]
[Black "Johnson, Daniel"]
[Result "1/2-1/2"]
[WhiteElo "2306"]
[BlackElo "2271"]
[PlyCount "64"]
[EventDate "2024.07.23"]
[EventType "swiss (blitz)"]
[EventRounds "14"]
[EventCountry "ENG"]
[SourceTitle "BritBase"]
[Source "John Saunders"]
[SourceDate "2024.08.27"]
[SourceVersion "1"]
[SourceVersionDate "2024.08.27"]
[SourceQuality "1"]

1. d4 Nf6 2. Bg5 e6 3. e4 h6 4. Bxf6 Qxf6 5. c3 c5 6. Nf3 cxd4 7. cxd4 Bb4+ 8. Nc3 O-O 9. Bd3 Bxc3+ 10. bxc3 d6 11. O-O Nc6 12. Qe2 e5 13. d5 Ne7 14. Qe3 Ng6 15. Rfc1 Qe7 16. c4 b6 17. a4 Bg4 18. Nd2 Qc7 19. Nb3 Rfb8 20. Bf1 Nf8 21. a5 Nd7 22. axb6 axb6 23. Rcb1 Nc5 24. Nxc5 bxc5 25. Rxa8 Rxa8 26. h3 Bd7 27. Qb3 Kf8 28. Be2 Ra4 29. Qb7 Ra7 30. Qb2 Ra4 31. Qb7 Ra7 32. Qb3 Ra4 1/2-1/2

[Event "Mindsports Blitz 4th"]
[Site "London"]
[Date "2024.07.23"]
[Round "5.5"]
[White "Alizada, Eldar"]
[Black "Clarke, Connor"]
[Result "0-1"]
[WhiteElo "1929"]
[BlackElo "2116"]
[PlyCount "108"]
[EventDate "2024.07.23"]
[EventType "swiss (blitz)"]
[EventRounds "14"]
[EventCountry "ENG"]
[SourceTitle "BritBase"]
[Source "John Saunders"]
[SourceDate "2024.08.27"]
[SourceVersion "1"]
[SourceVersionDate "2024.08.27"]
[SourceQuality "1"]

1. d4 d5 2. c4 dxc4 3. e3 e6 4. Bxc4 Nf6 5. Nf3 a6 6. a4 c5 7. O-O cxd4 8. exd4 Nc6 9. Nc3 Be7 10. Re1 O-O 11. d5 exd5 12. Nxd5 Nxd5 13. Qxd5 Qxd5 14. Bxd5 Bb4 15. Re4 Bd6 16. Bf4 Bxf4 17. Rxf4 Ne7 18. Ba2 Ng6 19. Rd4 Bf5 20. Rc1 Rac8 21. Rxc8 Rxc8 22. h3 h6 23. g4 Be6 24. Bxe6 fxe6 25. Rd7 b5 26. Rd6 Rc1+ 27. Kh2 Kf7 28. Rxa6 bxa4 29. Rxa4 Rc2 30. Kg3 Rxb2 31. Ra7+ Kg8 32. Rc7 Rb3 33. Kg2 Nf4+ 34. Kg3 Ne2+ 35. Kg2 Ra3 36. Re7 Kf8 37. Rb7 Nf4+ 38. Kg3 e5 39. Rc7 Ne6 40. Rb7 e4 41. Rb8+ Kf7 42. Rb7+ Kf6 43. Kg2 Rxf3 44. Rb4 Nf4+ 45. Kg1 Ke5 46. Rb5+ Nd5 47. Kg2 Ra3 48. Rb7 Nf4+ 49. Kg1 Nxh3+ 50. Kg2 Nf4+ 51. Kg1 Ne6 52. Kg2 Kf4 53. Rf7+ Kxg4 54. Re7 Nf4+ 0-1